O společenských podnicích. Do Evropy v tričku ne. 4.
K spoločenskému styku patria i tzv. spoločenské podniky (od pracovného obeda až po slávnostnú recepciu). Spoločenské podniky sa konajú spravidla s určitým cieľom, alebo pri určitej príležitosti. Popis pracovného obeda, buffet lunchu, slávnostného obeda a slávnostnej večere, pracovných raňajok a podn...
Salvato in:
| Autore principale: | |
|---|---|
| Natura: | Capitolo di libro |
| Lingua: | ceco |
| Soggetti: | |
| Tags: |
Nessun Tag, puoi essere il primo ad aggiungerne!!
|
MARC
| LEADER | 00000naa a2200000 4500 | ||
|---|---|---|---|
| 001 | r011737 | ||
| 005 | 20220831083901.1 | ||
| 041 | 0 | |a cze | |
| 044 | |a [CS] | ||
| 245 | 1 | 0 | |a O společenských podnicích. |b Do Evropy v tričku ne. 4. |c I. Šroněk |
| 520 | |a K spoločenskému styku patria i tzv. spoločenské podniky (od pracovného obeda až po slávnostnú recepciu). Spoločenské podniky sa konajú spravidla s určitým cieľom, alebo pri určitej príležitosti. Popis pracovného obeda, buffet lunchu, slávnostného obeda a slávnostnej večere, pracovných raňajok a podnikov po stojačky (coctail, recepcia). | ||
| 610 | 2 | 0 | |a etiketa |
| 610 | 2 | 0 | |a pohostinstvo |
| 100 | 1 | |a Šroněk, I. | |